<?xml version="1.0" encoding="UTF-8"?>
<marc:record xmlns:marc="http://www.loc.gov/MARC21/slim">
   <marc:leader>00000nam a2200000 a 4500</marc:leader>
   <marc:datafield ind1=" " ind2=" " tag="653">
      <marc:subfield code="a">DVD-ROM</marc:subfield>
   </marc:datafield>
   <marc:datafield ind1="0" ind2="0" tag="245">
      <marc:subfield code="a">Liebe trägt durch</marc:subfield>
   </marc:datafield>
   <marc:datafield ind1=" " ind2="1" tag="264">
      <marc:subfield code="a">Holzgerlingen</marc:subfield>
      <marc:subfield code="b">SCM Hänssler</marc:subfield>
      <marc:subfield code="c">2011</marc:subfield>
   </marc:datafield>
   <marc:datafield ind1=" " ind2=" " tag="250">
      <marc:subfield code="a">4., Aufl.</marc:subfield>
   </marc:datafield>
   <marc:datafield ind1="1" ind2=" " tag="520">
      <marc:subfield code="a">Angaben aus der Verlagsmeldung

Liebe trägt durch

Hingebungsvoll widmet sich die hübsche Missie (January Jones) ihrer Aufgabe als Lehrerin und den
Verpflichtungen auf der Farm ihrer Eltern Clark und Marty. Doch plötzlich gerät ihr geordnetes Leben
aus den Fugen. Der charmante und wohlhabende Grant Thomas (Mackenzie Astin) beginnt, um sie zu
werben. Gleichzeitig taucht Nate, ein geheimnisvoller Fremder, auf der Farm ihrer Eltern auf. Als
sich Missies Vater verletzt, übernimmt er seine Aufgaben. Missie ist immer stärker von Nate
fasziniert und steckt in einem Dilemma: Welchem der beiden grundverschiedenen Männern soll sie ihr
Herz schenken?
Die Fortsetzung der berührenden Verfilmung von Janette Okes Siedler-Serie. Ein Filmerlebnis mit
Starbesetzung für die ganze Familie.
</marc:subfield>
   </marc:datafield>
   <marc:datafield ind1=" " ind2=" " tag="041">
      <marc:subfield code="a">ger</marc:subfield>
   </marc:datafield>
   <marc:datafield ind1=" " ind2=" " tag="300">
      <marc:subfield code="a">DVDs</marc:subfield>
   </marc:datafield>
</marc:record>
